Buteur du LOSC saison 2023/2024 TTC - Statistiques

Statistiques générales
  • Ce quiz a été pris 129 fois
  • Le résultat moyen est 12 sur 16
Statistiques - réponses
Nombre de buts TTC Postes Joueur % Correct
26 ATT David
100%
12 ATT Zhegrova
95%
5 MIL André
93%
6 DEF Diakité
92%
2 MIL Gomes
88%
4 MIL Cabella
87%
3 DEF Santos
82%
5 MIL Haraldsson
81%
3 DEF Yoro
79%
1 DEF Alexsandro
75%
1 DEF Ismaily
74%
12 MIL/ATT Yazici
73%
1 DEF Gudmundsson
71%
1 ATT Ounas
56%
1 ATT Cavaleiro
48%
1 ATT Messoussa
22%
Aucun quiz correspondant
Distribution des résultats
% des personnes avec chaque résultat
Percentile par nombre de réponses
Votre historique - résultats
Vous n’avez pas pris ce quiz